000 00704nam a22002177a 4500
005 20251108173000.0
008 250721s9999 xx 000 0 ara d
082 1 4 _a210.42613/نوف
100 1 _aنوفل، يوسف يونس
245 1 0 _aالبيئة الصحية : دواء إيماني .. شفاء رباني /
264 1 _aالمنصورة :
_bمكتبة جزيرة،
300 _a80ص
490 0 _aدائرة معارف بيئتنا الحضارية
_v6
650 1 7 _aالإسلام
650 1 7 _aالصحة العامة
650 1 7 _aصحة الغذاء
650 1 7 _aمكافحة التلوث
650 1 7 _aالتوقف عن التدخين
942 _2ddc
_cBK
999 _c93306
_d93306